Capital investments of the world petroleum industry

Đã lưu trong:
書目詳細資料
格式: 圖書
語言:Undetermined
出版: New York Chase Manhattan Bank 1974
主題:
標簽: 添加標簽
沒有標簽, 成為第一個標記此記錄!
Thư viện lưu trữ: Trung tâm Học liệu Trường Đại học Cần Thơ
LEADER 00509nam a2200181Ia 4500
001 CTU_107341
008 210402s9999 xx 000 0 und d
082 |a 338.43 
082 |b C244 
245 0 |a Capital investments of the world petroleum industry 
245 0 |c Richard S. Dobias 
260 |a New York 
260 |b Chase Manhattan Bank 
260 |c 1974 
650 |a Petroleum industry and trade 
650 |x Finance 
904 |i Tuyến 
980 |a Trung tâm Học liệu Trường Đại học Cần Thơ